00872nam a2200193 a 450000100100000000500170001000800410002702000150006804000250008310000510010824502040015926000560036330000360041970000380045570000540049304900090054795201050055699900170066100002732420240305085225.0110331s2002 dr ac 000 | spa d a9993402818 aDO-SdBNPbspacBNPHU1 aBarinas Coiscou, Sócrates,d1916-202192437910aCompendio de un siglo de historia patria :b1800-1900, un siglo al rescate de la dominicanidad /cSócrates Barinas Coiscou ; editado por Domingo Peña Nina ; prólogo de Fernando Pérez Memén. aSanto Domingo :b[s.n.],c2002.f(Impresos Comando) a251 p. :bil., retrs. ;c28 cm.1 aPeña Nina, Domingo,eed.9191211 aPérez Memén, Fernando,d1943-epról.938744 aBNPD 0010718PDaPDbPDcHDd2011-03-31iLF1l0o p27324-10r2020-06-25w2020-06-25yLFPDZNo se presta c26816d26816